000 00422nam a22001097a 4500
082 _a910
100 _aसैनी,अजय
_983962
245 _aसम्‍पूर्ण भारत के सांस्‍कृतिक पर्यटनस्‍थल
260 _aहरियाणा
_bहिमानी पुस्‍तक भण्‍डार
_c2025
650 _aयात्रा
942 _cHIN
999 _c68978
_d68978